[Event "Королевский Гамбит. Южный Федеральный округ."]
[Date "2025-11-21"]
[Round "2.8"]
[Board "8"]
[White "Харьковская Анна"]
[WhiteElo "1010"]
[Black "Мальченко Екатерина"]
[BlackElo "990"]
[WebSite "https://www.chessopen.ru"]
[GameId "24a749e6-5167-407a-8dd6-dc478289b979"]
[Result "1-0"]

1. e4 { [%clk 0:10:00] } e5 { [%clk 0:09:59] } 2. Nf3 { [%clk 0:09:56] } Nc6 {
[%clk 0:10:02] } 3. Bc4 { [%clk 0:09:49] } Nf6 { [%clk 0:10:04] } 4. Nc3 {
[%clk 0:09:40] } Bc5 { [%clk 0:10:07] } 5. O-O { [%clk 0:09:40] } d5 { [%clk
0:10:05] } 6. exd5 { [%clk 0:09:34] } Nb4 { [%clk 0:09:59] } 7. Nxe5 { [%clk
0:09:16] } Nbxd5 { [%clk 0:09:41] } 8. Bxd5 { [%clk 0:09:15] } Nxd5 { [%clk
0:09:41] } 9. Re1 { [%clk 0:09:04] } Nxc3 { [%clk 0:09:35] } 10. bxc3 { [%clk
0:08:41] } Ba3 { [%clk 0:09:20] } 11. Nc6+ { [%clk 0:08:35] } Kd7 { [%clk
0:09:03] } 12. Nxd8 { [%clk 0:08:17] } Kxd8 { [%clk 0:09:02] } 13. Bxa3 { [%clk
0:08:17] } Bf5 { [%clk 0:08:40] } 14. Rb1 { [%clk 0:07:36] } Bxc2 { [%clk
0:08:17] } 15. Qxc2 { [%clk 0:07:36] } Re8 { [%clk 0:07:55] } 16. Rxe8+ { [%clk
0:07:34] } Kxe8 { [%clk 0:07:55] } 17. Qe4+ { [%clk 0:07:33] } Kd7 { [%clk
0:07:56] } 18. Qe7+ { [%clk 0:07:34] } Kc6 { [%clk 0:07:56] } 19. d4 { [%clk
0:07:33] } Kd5 { [%clk 0:07:50] } 20. Qc5+ { [%clk 0:07:30] } Ke4 { [%clk
0:07:44] } 21. Rd1 { [%clk 0:07:29] } Kf4 { [%clk 0:07:43] } 22. g3+ { [%clk
0:07:31] } Kf3 { [%clk 0:07:43] } 23. Qf5+ { [%clk 0:07:30] } Ke2 { [%clk
0:07:40] } 24. Qd3# { [%clk 0:07:31] } 1-0

[Event "Королевский Гамбит. Южный Федеральный округ."]
[Date "2025-11-21"]
[Round "2.9"]
[Board "9"]
[White "Аристархов Максим"]
[WhiteElo "989"]
[Black "Марк Белянин"]
[BlackElo "1010"]
[WebSite "https://www.chessopen.ru"]
[GameId "e8b4c452-1ab6-4ed0-8870-2c38f9b8f0ac"]
[Result "0-1"]

1. e3 { [%clk 0:10:00] } e5 { [%clk 0:09:58] } 2. Nh3 { [%clk 0:09:58] } d5 {
[%clk 0:09:55] } 3. d4 { [%clk 0:09:56] } e4 { [%clk 0:09:53] } 4. f3 { [%clk
0:09:53] } Nf6 { [%clk 0:09:47] } 5. fxe4 { [%clk 0:09:53] } Nxe4 { [%clk
0:09:43] } 6. Nf2 { [%clk 0:09:36] } Nxf2 { [%clk 0:09:39] } 7. Kxf2 { [%clk
0:09:37] } Qf6+ { [%clk 0:09:39] } 8. Ke1 { [%clk 0:09:37] } c6 { [%clk
0:09:35] } 9. h4 { [%clk 0:09:36] } Bd6 { [%clk 0:09:29] } 10. Rh3 { [%clk
0:09:25] } Bxh3 { [%clk 0:09:28] } 11. gxh3 { [%clk 0:09:27] } Qxh4+ { [%clk
0:09:14] } 12. Kd2 { [%clk 0:09:20] } Qf2+ { [%clk 0:09:13] } 13. Kd3 { [%clk
0:09:15] } Na6 { [%clk 0:09:10] } 14. Qe2 { [%clk 0:09:11] } Qxe2+ { [%clk
0:09:06] } 15. Bxe2 { [%clk 0:09:13] } Nb4+ { [%clk 0:09:08] } 16. Kc3 { [%clk
0:09:13] } O-O-O { [%clk 0:08:58] } 17. Kd2 { [%clk 0:09:10] } Rde8 { [%clk
0:08:24] } 18. Ke1 { [%clk 0:08:59] } Nxc2+ { [%clk 0:08:23] } 19. Kd2 { [%clk
0:08:56] } Nxa1 { [%clk 0:08:24] } 20. Na3 { [%clk 0:08:49] } Bxa3 { [%clk
0:08:23] } 21. bxa3 { [%clk 0:08:50] } Re7 { [%clk 0:08:18] } 22. Bg4+ { [%clk
0:08:42] } Kb8 { [%clk 0:08:16] } 23. Ke1 { [%clk 0:08:34] } Nc2+ { [%clk
0:08:17] } 24. Kd2 { [%clk 0:08:30] } Nxe3 { [%clk 0:08:17] } 25. Bf3 { [%clk
0:08:16] } Nc4+ { [%clk 0:08:18] } 26. Kc2 { [%clk 0:08:07] } Rhe8 { [%clk
0:08:12] } 27. h4 { [%clk 0:07:44] } Nxa3+ { [%clk 0:08:08] } 28. Kb3 { [%clk
0:07:39] } Re3+ { [%clk 0:08:07] } 29. Bxe3 { [%clk 0:07:30] } Rxe3+ { [%clk
0:08:10] } 30. Kb4 { [%clk 0:07:24] } Rxf3 { [%clk 0:08:11] } 31. Ka4 { [%clk
0:07:21] } Rd3 { [%clk 0:08:09] } 32. Kb4 { [%clk 0:07:03] } b6 { [%clk
0:08:09] } 33. Ka4 { [%clk 0:07:04] } a5 { [%clk 0:08:06] } 34. h5 { [%clk
0:06:15] } Nc4 { [%clk 0:08:05] } 35. a3 { [%clk 0:06:11] } b5# { [%clk
0:08:05] } 0-1

[Event "Королевский Гамбит. Южный Федеральный округ."]
[Date "2025-11-21"]
[Round "2.9"]
[Board "9"]
[White "Березин Михаил"]
[WhiteElo "1000"]
[Black "Никишин Глеб"]
[BlackElo "1010"]
[WebSite "https://www.chessopen.ru"]
[GameId "9332d9f9-cea0-4a7c-8301-2bf14b285129"]
[Result "0-1"]

1. e4 { [%clk 0:09:58] } c6 { [%clk 0:10:01] } 2. Nc3 { [%clk 0:09:54] } d5 {
[%clk 0:10:00] } 3. exd5 { [%clk 0:09:06] } cxd5 { [%clk 0:10:00] } 4. d4 {
[%clk 0:09:02] } Nc6 { [%clk 0:09:59] } 5. Nf3 { [%clk 0:09:02] } Bf5 { [%clk
0:09:54] } 6. Bb5 { [%clk 0:08:58] } a6 { [%clk 0:09:50] } 7. Bxc6+ { [%clk
0:08:59] } bxc6 { [%clk 0:09:52] } 8. O-O { [%clk 0:08:58] } e6 { [%clk
0:09:50] } 9. Bf4 { [%clk 0:08:37] } h5 { [%clk 0:09:44] } 10. a3 { [%clk
0:08:08] } h4 { [%clk 0:09:36] } 11. h3 { [%clk 0:08:06] } f6 { [%clk 0:09:34]
} 12. b4 { [%clk 0:08:06] } g5 { [%clk 0:09:32] } 13. Bh2 { [%clk 0:07:39] } g4
{ [%clk 0:09:33] } 14. hxg4 { [%clk 0:07:07] } Bxg4 { [%clk 0:09:36] } 15. Re1
{ [%clk 0:06:08] } Ra7 { [%clk 0:09:28] } 16. Qd3 { [%clk 0:05:57] } Rg7 {
[%clk 0:09:11] } 17. Nd2 { [%clk 0:04:43] } Bd6 { [%clk 0:06:40] } 18. Bxd6 {
[%clk 0:03:49] } Qxd6 { [%clk 0:06:40] } 19. g3 { [%clk 0:03:34] } hxg3 { [%clk
0:06:30] } 20. Qxg3 { [%clk 0:03:02] } Bf3 { [%clk 0:05:31] } 21. Qxg7 { [%clk
0:01:59] } Rh1# { [%clk 0:05:31] } 0-1

[Event "Королевский Гамбит. Южный Федеральный округ."]
[Date "2025-11-21"]
[Round "2.9"]
[Board "9"]
[White "каргин давид"]
[WhiteElo "990"]
[Black "Литвинов Егор"]
[BlackElo "991"]
[WebSite "https://www.chessopen.ru"]
[GameId "8cf69f3a-c652-49dd-82a8-7529f018cf95"]
[Result "0-1"]

1. e4 { [%clk 0:09:48] } c5 { [%clk 0:09:59] } 2. Nf3 { [%clk 0:09:49] } d6 {
[%clk 0:09:59] } 3. d4 { [%clk 0:09:49] } cxd4 { [%clk 0:10:01] } 4. Nxd4 {
[%clk 0:09:51] } Nf6 { [%clk 0:10:02] } 5. Nc3 { [%clk 0:09:52] } a6 { [%clk
0:10:02] } 6. Bd3 { [%clk 0:09:43] } g6 { [%clk 0:10:02] } 7. O-O { [%clk
0:09:43] } Bg7 { [%clk 0:10:04] } 8. Be3 { [%clk 0:09:35] } Nc6 { [%clk
0:10:05] } 9. Bc4 { [%clk 0:09:33] } O-O { [%clk 0:09:57] } 10. Kh1 { [%clk
0:09:33] } e6 { [%clk 0:09:51] } 11. Bg5 { [%clk 0:09:08] } h6 { [%clk 0:09:48]
} 12. Bh4 { [%clk 0:09:07] } Qc7 { [%clk 0:09:38] } 13. Bb3 { [%clk 0:09:00] }
b5 { [%clk 0:09:14] } 14. a3 { [%clk 0:08:32] } Nxe4 { [%clk 0:09:02] } 15.
Nxc6 { [%clk 0:08:25] } Qxc6 { [%clk 0:09:00] } 16. Nxe4 { [%clk 0:08:24] }
Qxe4 { [%clk 0:09:00] } 17. Be7 { [%clk 0:08:05] } Re8 { [%clk 0:08:54] } 18.
Qxd6 { [%clk 0:08:01] } Bb7 { [%clk 0:08:47] } 19. f3 { [%clk 0:07:57] } Qc6 {
[%clk 0:08:30] } 20. c3 { [%clk 0:07:36] } Qxd6 { [%clk 0:08:27] } 21. Bxd6 {
[%clk 0:07:35] } Rad8 { [%clk 0:08:27] } 22. Rad1 { [%clk 0:07:35] } Rd7 {
[%clk 0:08:03] } 23. Rd2 { [%clk 0:07:21] } Red8 { [%clk 0:08:03] } 24. Rfd1 {
[%clk 0:07:20] } Bf8 { [%clk 0:08:02] } 25. Bf4 { [%clk 0:07:17] } Rxd2 { [%clk
0:08:01] } 26. Rxd2 { [%clk 0:07:18] } Rxd2 { [%clk 0:08:01] } 27. Bxd2 { [%clk
0:07:19] } g5 { [%clk 0:07:52] } 28. Be3 { [%clk 0:07:15] } Bd6 { [%clk
0:07:51] } 29. Bc2 { [%clk 0:07:11] } Kg7 { [%clk 0:07:50] } 30. Bd4+ { [%clk
0:07:06] } e5 { [%clk 0:07:49] } 31. Bb6 { [%clk 0:07:01] } Kf6 { [%clk
0:07:41] } 32. Kg1 { [%clk 0:06:59] } Ke6 { [%clk 0:07:39] } 33. Kf2 { [%clk
0:06:55] } f5 { [%clk 0:07:39] } 34. Bb3+ { [%clk 0:06:38] } Bd5 { [%clk
0:07:38] } 35. Bxd5+ { [%clk 0:06:39] } Kxd5 { [%clk 0:07:41] } 36. b4 { [%clk
0:06:04] } Kc4 { [%clk 0:07:41] } 37. Ke3 { [%clk 0:06:03] } Kxc3 { [%clk
0:07:41] } 38. Bc5 { [%clk 0:06:05] } Bc7 { [%clk 0:07:35] } 39. Bf8 { [%clk
0:06:06] } h5 { [%clk 0:07:34] } 40. Be7 { [%clk 0:06:05] } g4 { [%clk 0:07:35]
} 41. fxg4 { [%clk 0:06:04] } hxg4 { [%clk 0:07:38] } 42. h3 { [%clk 0:06:05] }
gxh3 { [%clk 0:07:37] } 43. gxh3 { [%clk 0:06:07] } Bb6+ { [%clk 0:07:16] } 44.
Bc5 { [%clk 0:06:04] } Bd8 { [%clk 0:07:13] } 45. Bd6 { [%clk 0:06:02] } Bf6 {
[%clk 0:07:14] } 46. Bc7 { [%clk 0:05:49] } Kb3 { [%clk 0:07:13] } 47. Kd3 {
[%clk 0:05:48] } Kxa3 { [%clk 0:07:14] } 48. Ba5 { [%clk 0:05:49] } Kb3 { [%clk
0:06:48] } 49. Ke3 { [%clk 0:05:51] } Kc3 { [%clk 0:06:42] } 50. Kf3 { [%clk
0:05:52] } Bg5 { [%clk 0:06:39] } 51. Kg3 { [%clk 0:05:51] } e4 { [%clk
0:06:37] } 52. h4 { [%clk 0:05:52] } Bf6 { [%clk 0:06:38] } 53. h5 { [%clk
0:05:54] } Kd2 { [%clk 0:06:39] } 54. Bb6 { [%clk 0:05:13] } e3 { [%clk
0:06:37] } 55. h6 { [%clk 0:05:08] } e2 { [%clk 0:06:37] } 56. Bf2 { [%clk
0:05:09] } e1=Q { [%clk 0:06:34] } 57. Bxe1+ { [%clk 0:05:10] } Kxe1 { [%clk
0:06:37] } 58. Kf4 { [%clk 0:05:13] } Kd2 { [%clk 0:06:35] } 59. Kxf5 { [%clk
0:05:14] } Bb2 { [%clk 0:06:34] } 60. Ke4 { [%clk 0:05:13] } Kc2 { [%clk
0:06:34] } 61. h7 { [%clk 0:05:14] } Kb3 { [%clk 0:06:35] } 62. Kd3 { [%clk
0:05:16] } Kxb4 { [%clk 0:06:35] } 63. Kc2 { [%clk 0:05:17] } Bg7 { [%clk
0:06:36] } 64. Kb1 { [%clk 0:05:19] } a5 { [%clk 0:06:37] } 65. Ka2 { [%clk
0:05:21] } a4 { [%clk 0:06:37] } 66. Kb1 { [%clk 0:05:22] } Kb3 { [%clk
0:06:37] } 67. Kc1 { [%clk 0:05:22] } a3 { [%clk 0:06:37] } 68. Kb1 { [%clk
0:05:24] } a2+ { [%clk 0:06:39] } 69. Kc1 { [%clk 0:05:26] } a1=Q+ { [%clk
0:06:39] } 70. Kd2 { [%clk 0:05:28] } Qc3+ { [%clk 0:06:40] } 71. Ke2 { [%clk
0:05:29] } Bh6 { [%clk 0:06:35] } 72. Kf2 { [%clk 0:05:23] } Qe3+ { [%clk
0:06:36] } 73. Kf1 { [%clk 0:05:24] } Qf3+ { [%clk 0:06:31] } 74. Ke1 { [%clk
0:05:21] } Qe3+ { [%clk 0:06:29] } 75. Kf1 { [%clk 0:05:21] } Bg7 { [%clk
0:06:31] } 76. Kg2 { [%clk 0:05:21] } Be5 { [%clk 0:06:23] } 77. Kf1 { [%clk
0:05:21] } Qd2 { [%clk 0:06:18] } 78. Kg1 { [%clk 0:05:21] } Qe2 { [%clk
0:06:19] } 79. Kh1 { [%clk 0:05:22] } Qh2# { [%clk 0:06:20] } 0-1

[Event "Королевский Гамбит. Южный Федеральный округ."]
[Date "2025-11-21"]
[Round "2.9"]
[Board "9"]
[White "Квачёв Егор"]
[WhiteElo "1000"]
[Black "Савельев Максим"]
[BlackElo "1010"]
[WebSite "https://www.chessopen.ru"]
[GameId "6070ab8a-c96c-4626-a657-ec4af65bc4f3"]
[Result "0-1"]

1. e4 { [%clk 0:10:01] } c5 { [%clk 0:09:58] } 2. Nf3 { [%clk 0:09:49] } d6 {
[%clk 0:09:58] } 3. Bb5+ { [%clk 0:09:36] } Bd7 { [%clk 0:09:47] } 4. Nc3 {
[%clk 0:09:37] } a6 { [%clk 0:09:47] } 5. Ba4 { [%clk 0:09:33] } b5 { [%clk
0:09:46] } 6. Bb3 { [%clk 0:09:22] } c4 { [%clk 0:09:46] } 7. Bxc4 { [%clk
0:09:05] } bxc4 { [%clk 0:09:49] } 8. O-O { [%clk 0:09:03] } Nf6 { [%clk
0:09:42] } 9. d4 { [%clk 0:09:00] } cxd3 { [%clk 0:09:40] } 10. Qxd3 { [%clk
0:08:59] } e5 { [%clk 0:09:36] } 11. Re1 { [%clk 0:08:54] } Be7 { [%clk
0:09:35] } 12. Bd2 { [%clk 0:08:39] } O-O { [%clk 0:09:35] } 13. Rad1 { [%clk
0:08:41] } Bc6 { [%clk 0:09:07] } 14. Bg5 { [%clk 0:08:19] } Nbd7 { [%clk
0:08:44] } 15. Bxf6 { [%clk 0:07:53] } Nxf6 { [%clk 0:08:47] } 16. Nd5 { [%clk
0:07:47] } Bxd5 { [%clk 0:08:05] } 17. exd5 { [%clk 0:07:50] } e4 { [%clk
0:08:00] } 18. Qe2 { [%clk 0:07:36] } exf3 { [%clk 0:07:36] } 19. Qxf3 { [%clk
0:07:39] } Re8 { [%clk 0:07:28] } 20. c4 { [%clk 0:07:30] } Qa5 { [%clk
0:07:24] } 21. a3 { [%clk 0:07:01] } Qc5 { [%clk 0:07:14] } 22. Rc1 { [%clk
0:06:50] } a5 { [%clk 0:07:10] } 23. Qf5 { [%clk 0:06:46] } Rab8 { [%clk
0:06:54] } 24. Qd7 { [%clk 0:06:17] } Nxd7 { [%clk 0:06:53] } 25. Kh1 { [%clk
0:06:03] } Qxf2 { [%clk 0:06:22] } 26. Rf1 { [%clk 0:06:01] } Qxb2 { [%clk
0:06:17] } 27. Rxf7 { [%clk 0:05:44] } Kxf7 { [%clk 0:06:16] } 28. Rf1+ { [%clk
0:05:46] } Kg8 { [%clk 0:06:17] } 29. g4 { [%clk 0:05:43] } Bh4 { [%clk
0:06:12] } 30. h3 { [%clk 0:05:34] } Re1 { [%clk 0:06:09] } 31. Rg1 { [%clk
0:05:30] } Rxg1+ { [%clk 0:06:05] } 32. Kxg1 { [%clk 0:05:33] } Qf2+ { [%clk
0:06:05] } 33. Kh1 { [%clk 0:05:34] } Bg3 { [%clk 0:06:06] } 34. h4 { [%clk
0:05:33] } Qh2# { [%clk 0:06:08] } 0-1

[Event "Королевский Гамбит. Южный Федеральный округ."]
[Date "2025-11-21"]
[Round "2.9"]
[Board "9"]
[White "Сушилов Антон"]
[WhiteElo "990"]
[Black "Слободской Виталий"]
[BlackElo "990"]
[WebSite "https://www.chessopen.ru"]
[GameId "cb9f3cb6-a7fd-4ef1-89a6-9ccb6eab810f"]
[Result "1-0"]

1. e4 { [%clk 0:09:52] } e5 { [%clk 0:09:59] } 2. Nf3 { [%clk 0:09:50] } Nf6 {
[%clk 0:10:00] } 3. Nc3 { [%clk 0:09:48] } Nc6 { [%clk 0:10:00] } 4. Bb5 {
[%clk 0:09:45] } a6 { [%clk 0:09:55] } 5. Bxc6 { [%clk 0:09:43] } bxc6 { [%clk
0:09:52] } 6. O-O { [%clk 0:09:42] } Bc5 { [%clk 0:09:46] } 7. d3 { [%clk
0:09:36] } Ng4 { [%clk 0:09:36] } 8. d4 { [%clk 0:09:31] } Ba7 { [%clk 0:09:29]
} 9. h3 { [%clk 0:09:28] } Nf6 { [%clk 0:09:19] } 10. Nxe5 { [%clk 0:08:53] }
O-O { [%clk 0:09:04] } 11. Be3 { [%clk 0:08:09] } Bb7 { [%clk 0:08:36] } 12. d5
{ [%clk 0:08:03] } cxd5 { [%clk 0:08:32] } 13. exd5 { [%clk 0:07:58] } c6 {
[%clk 0:08:17] } 14. Bxa7 { [%clk 0:07:21] } Rxa7 { [%clk 0:08:07] } 15. d6 {
[%clk 0:07:04] } c5 { [%clk 0:07:55] } 16. Re1 { [%clk 0:06:56] } Nh5 { [%clk
0:07:31] } 17. Qxh5 { [%clk 0:06:38] } g6 { [%clk 0:07:19] } 18. Qh4 { [%clk
0:06:13] } Qxh4 { [%clk 0:07:11] } 19. Nxd7 { [%clk 0:06:07] } Qd4 { [%clk
0:06:40] } 20. Nxf8 { [%clk 0:05:53] } Qxd6 { [%clk 0:06:22] } 21. Nxg6 { [%clk
0:05:41] } Qc6 { [%clk 0:06:18] } 22. Ne7+ { [%clk 0:05:33] } Kg7 { [%clk
0:06:11] } 23. Nxc6 { [%clk 0:05:33] } Ra8 { [%clk 0:06:10] } 24. Na5 { [%clk
0:05:22] } Bc8 { [%clk 0:05:59] } 25. Re8 { [%clk 0:05:13] } Rb8 { [%clk
0:05:52] } 26. Nc6 { [%clk 0:05:04] } Rxb2 { [%clk 0:05:43] } 27. Rxc8 { [%clk
0:05:01] } Rxc2 { [%clk 0:05:40] } 28. Ne4 { [%clk 0:04:53] } c4 { [%clk
0:05:36] } 29. Nb4 { [%clk 0:04:42] } Re2 { [%clk 0:05:32] } 30. Rxc4 { [%clk
0:04:35] } f5 { [%clk 0:05:28] } 31. Ng3 { [%clk 0:04:31] } Rd2 { [%clk
0:05:16] } 32. Nxf5+ { [%clk 0:04:19] } Kg6 { [%clk 0:05:02] } 33. g4 { [%clk
0:04:08] } Re2 { [%clk 0:04:55] } 34. Rd1 { [%clk 0:03:52] } Re5 { [%clk
0:04:45] } 35. Rd6+ { [%clk 0:03:38] } Kg5 { [%clk 0:04:34] } 36. f4# { [%clk
0:03:34] } 1-0

[Event "Королевский Гамбит. Южный Федеральный округ."]
[Date "2025-11-21"]
[Round "2.10"]
[Board "10"]
[White "Chekashov Egor"]
[WhiteElo "1010"]
[Black "Имранов Махир"]
[BlackElo "989"]
[WebSite "https://www.chessopen.ru"]
[GameId "2a0d4e60-584a-435c-830b-44115ed77a24"]
[Result "1-0"]

1. d4 { [%clk 0:09:59] } d5 { [%clk 0:09:59] } 2. c4 { [%clk 0:09:58] } dxc4 {
[%clk 0:09:56] } 3. e3 { [%clk 0:09:59] } Nc6 { [%clk 0:09:53] } 4. Bxc4 {
[%clk 0:09:59] } Be6 { [%clk 0:09:45] } 5. Bxe6 { [%clk 0:09:57] } fxe6 { [%clk
0:09:46] } 6. Qh5+ { [%clk 0:09:48] } Kd7 { [%clk 0:09:42] } 7. Qd1 { [%clk
0:09:49] } Nh6 { [%clk 0:09:42] } 8. Nc3 { [%clk 0:09:49] } g6 { [%clk 0:09:41]
} 9. b3 { [%clk 0:09:49] } Kc8 { [%clk 0:09:27] } 10. Bb2 { [%clk 0:09:50] }
Bg7 { [%clk 0:09:20] } 11. Nf3 { [%clk 0:09:44] } Nf5 { [%clk 0:09:07] } 12.
O-O { [%clk 0:09:38] } Nd6 { [%clk 0:08:54] } 13. Rb1 { [%clk 0:09:25] } a6 {
[%clk 0:08:55] } 14. a3 { [%clk 0:09:23] } Rf8 { [%clk 0:08:56] } 15. d5 {
[%clk 0:08:54] } exd5 { [%clk 0:08:49] } 16. Nxd5 { [%clk 0:08:53] } Rf7 {
[%clk 0:08:40] } 17. Ng5 { [%clk 0:07:42] } Qg8 { [%clk 0:08:11] } 18. Nxf7 {
[%clk 0:06:42] } Qxf7 { [%clk 0:08:10] } 19. Bxg7 { [%clk 0:06:43] } Qxg7 {
[%clk 0:08:12] } 20. Qg4+ { [%clk 0:06:31] } Kd8 { [%clk 0:08:04] } 21. Rfd1 {
[%clk 0:06:15] } Rc8 { [%clk 0:07:37] } 22. Nf4 { [%clk 0:05:10] } g5 { [%clk
0:06:39] } 23. Ne6+ { [%clk 0:05:09] } Ke8 { [%clk 0:06:21] } 24. Nxg7+ { [%clk
0:05:08] } Kd8 { [%clk 0:06:18] } 25. Rxd6+ { [%clk 0:04:55] } cxd6 { [%clk
0:06:18] } 26. Ne6+ { [%clk 0:04:50] } Ke8 { [%clk 0:06:13] } 27. Nxg5 { [%clk
0:04:31] } Ne5 { [%clk 0:06:08] } 28. Qxc8# { [%clk 0:04:31] } 1-0

[Event "Королевский Гамбит. Южный Федеральный округ."]
[Date "2025-11-21"]
[Round "2.10"]
[Board "10"]
[White "Беркутов Егор"]
[WhiteElo "990"]
[Black "Петренко Иван"]
[BlackElo "1000"]
[WebSite "https://www.chessopen.ru"]
[GameId "4f62fd30-70c6-4186-a40e-8cab659511ae"]
[Result "0-1"]

1. b4 { [%clk 0:08:56] } d5 { [%clk 0:09:58] } 2. d3 { [%clk 0:08:56] } e6 {
[%clk 0:09:59] } 3. c4 { [%clk 0:08:57] } c6 { [%clk 0:09:59] } 4. cxd5 { [%clk
0:08:58] } cxd5 { [%clk 0:10:00] } 5. e4 { [%clk 0:08:59] } Nf6 { [%clk
0:09:51] } 6. Nc3 { [%clk 0:08:48] } dxe4 { [%clk 0:09:45] } 7. dxe4 { [%clk
0:08:49] } Qxd1+ { [%clk 0:09:39] } 8. Kxd1 { [%clk 0:08:51] } Bxb4 { [%clk
0:09:39] } 9. Nce2 { [%clk 0:08:41] } Nxe4 { [%clk 0:09:34] } 10. h3 { [%clk
0:08:31] } Nxf2+ { [%clk 0:09:35] } 11. Kc2 { [%clk 0:08:28] } Nxh1 { [%clk
0:09:37] } 12. Bf4 { [%clk 0:08:19] } Nc6 { [%clk 0:09:22] } 13. g3 { [%clk
0:08:11] } O-O { [%clk 0:09:14] } 14. Rb1 { [%clk 0:08:12] } Bc5 { [%clk
0:08:37] } 15. Bg2 { [%clk 0:08:05] } Nf2 { [%clk 0:08:07] } 16. h4 { [%clk
0:08:02] } e5 { [%clk 0:07:45] } 17. Be3 { [%clk 0:08:01] } Bxe3 { [%clk
0:07:08] } 18. Rf1 { [%clk 0:07:59] } Ne4 { [%clk 0:06:33] } 19. Bxe4 { [%clk
0:07:58] } Nb4+ { [%clk 0:05:35] } 20. Kc3 { [%clk 0:07:54] } Nxa2+ { [%clk
0:05:09] } 21. Kd3 { [%clk 0:07:53] } Bb6 { [%clk 0:04:55] } 22. Nf3 { [%clk
0:07:40] } Rd8+ { [%clk 0:04:47] } 23. Ned4 { [%clk 0:07:27] } Nb4+ { [%clk
0:04:33] } 24. Kc4 { [%clk 0:07:24] } exd4 { [%clk 0:04:11] } 25. Rd1 { [%clk
0:07:20] } Nc2 { [%clk 0:03:29] } 26. Bxc2 { [%clk 0:07:16] } Bg4 { [%clk
0:03:05] } 27. Nxd4 { [%clk 0:07:14] } Bxd1 { [%clk 0:02:48] } 28. Bxd1 { [%clk
0:07:15] } Rxd4+ { [%clk 0:02:47] } 29. Kc3 { [%clk 0:07:12] } Rxd1 { [%clk
0:02:50] } 30. Kc2 { [%clk 0:07:13] } Rg1 { [%clk 0:02:52] } 0-1

[Event "Королевский Гамбит. Южный Федеральный округ."]
[Date "2025-11-21"]
[Round "2.10"]
[Board "10"]
[White "Вершинин Владислав"]
[WhiteElo "992"]
[Black "Ярославцев Алексей"]
[BlackElo "990"]
[WebSite "https://www.chessopen.ru"]
[GameId "b902fa3a-32c2-4061-be41-91cd6149472b"]
[Result "0-1"]

1. h4 { [%clk 0:09:58] } e5 { [%clk 0:09:58] } 2. h5 { [%clk 0:09:59] } h6 {
[%clk 0:09:42] } 3. e4 { [%clk 0:09:57] } Nf6 { [%clk 0:09:41] } 4. d3 { [%clk
0:09:50] } d5 { [%clk 0:09:30] } 5. Nd2 { [%clk 0:09:43] } Nc6 { [%clk 0:09:22]
} 6. exd5 { [%clk 0:09:45] } Nxd5 { [%clk 0:09:15] } 7. Ne4 { [%clk 0:09:38] }
Bf5 { [%clk 0:08:51] } 8. f3 { [%clk 0:09:31] } Bb4+ { [%clk 0:08:17] } 9. c3 {
[%clk 0:09:28] } Nxc3 { [%clk 0:08:14] } 10. bxc3 { [%clk 0:09:24] } Bxe4 {
[%clk 0:06:52] } 11. fxe4 { [%clk 0:09:20] } Bxc3+ { [%clk 0:06:31] } 12. Bd2 {
[%clk 0:09:21] } Nb4 { [%clk 0:05:32] } 13. Bxc3 { [%clk 0:09:18] } Nc6 { [%clk
0:04:51] } 14. Nf3 { [%clk 0:09:12] } Qd6 { [%clk 0:04:40] } 15. Bxe5 { [%clk
0:09:10] } Nxe5 { [%clk 0:04:26] } 16. Nxe5 { [%clk 0:09:04] } Qxe5 { [%clk
0:04:25] } 17. Qa4+ { [%clk 0:08:54] } b5 { [%clk 0:04:06] } 18. Qb3 { [%clk
0:08:39] } Qxa1+ { [%clk 0:03:56] } 19. Qd1 { [%clk 0:08:38] } Qc3+ { [%clk
0:03:51] } 20. Qd2 { [%clk 0:08:38] } Qd4 { [%clk 0:03:28] } 21. Be2 { [%clk
0:08:29] } O-O { [%clk 0:03:15] } 22. Rf1 { [%clk 0:08:24] } f5 { [%clk
0:02:49] } 23. Rxf5 { [%clk 0:08:03] } Rxf5 { [%clk 0:02:45] } 24. exf5 { [%clk
0:08:04] } Qg1+ { [%clk 0:02:37] } 25. Bf1 { [%clk 0:08:04] } Re8+ { [%clk
0:02:26] } 26. Kd1 { [%clk 0:07:52] } Qxf1+ { [%clk 0:02:20] } 27. Kc2 { [%clk
0:07:54] } Re2 { [%clk 0:02:13] } 28. Qxe2 { [%clk 0:07:53] } Qxe2+ { [%clk
0:02:14] } 29. Kc3 { [%clk 0:07:56] } Qxa2 { [%clk 0:02:13] } 30. Kd4 { [%clk
0:07:58] } Qxg2 { [%clk 0:02:12] } 31. Ke5 { [%clk 0:07:58] } Qg5 { [%clk
0:02:05] } 32. Ke6 { [%clk 0:07:57] } b4 { [%clk 0:02:02] } 33. d4 { [%clk
0:07:57] } b3 { [%clk 0:02:03] } 34. d5 { [%clk 0:08:00] } b2 { [%clk 0:02:02]
} 35. d6 { [%clk 0:08:00] } b1=Q { [%clk 0:02:03] } 36. dxc7 { [%clk 0:08:02] }
Qe1+ { [%clk 0:02:04] } 37. Kd7 { [%clk 0:08:01] } Qge7+ { [%clk 0:02:04] } 38.
Kc6 { [%clk 0:08:02] } Qc3+ { [%clk 0:02:04] } 39. Kb7 { [%clk 0:08:03] }
Qexc7+ { [%clk 0:02:04] } 40. Ka8 { [%clk 0:08:05] } Qc8+ { [%clk 0:02:02] }
41. Kxa7 { [%clk 0:08:03] } Q3c7# { [%clk 0:02:02] } 0-1